Introductory nuclear physics / (Record no. 544465)

000 -LEADER
fixed length control field 00566nam a22001817a 4500
082 ## - DEWEY DECIMAL CLASSIFICATION NUMBER
Classification number 539.7
Author Mark HAL
-- L-7, P-16
100 ## - MAIN ENTRY--PERSONAL NAME
Personal name Halliday, David.,
9 (RLIN) 5033
245 ## - TITLE STATEMENT
Title Introductory nuclear physics /
Statement of responsibility, etc. David, Halliday
250 ## - EDITION STATEMENT
Edition statement 2nd ed.
260 ## - PUBLICATION, DISTRIBUTION, ETC.
Place of publication, distribution, etc. New Delhi :
Name of publisher, distributor, etc. Asia Publishing House,
Date of publication, distribution, etc. c1960.
300 ## - PHYSICAL DESCRIPTION
Extent 493 p. :
Other physical details ill
526 ## - STUDY PROGRAM INFORMATION NOTE
Program name 0
Interest level 0
Reading level 0
Title point value 539_700000000000000_HAL
526 ## - STUDY PROGRAM INFORMATION NOTE
Program name 0
Interest level 0
Reading level 0
Title point value 539_700000000000000_HAL
526 ## - STUDY PROGRAM INFORMATION NOTE
Program name 0
Interest level 0
Reading level 0
Title point value 539_700000000000000_HAL
526 ## - STUDY PROGRAM INFORMATION NOTE
Program name 0
Interest level 0
Reading level 0
Title point value 539_700000000000000_HAL
650 ## - SUBJECT ADDED ENTRY--TOPICAL TERM
Topical term or geographic name entry element L-7, P-16
9 (RLIN) 40100
942 ## - ADDED ENTRY ELEMENTS (KOHA)
Source of classification or shelving scheme
Koha item type Book
Holdings
Withdrawn status Lost status Source of classification or shelving scheme Damaged status Not for loan Permanent Location Current Location Date acquired Total Checkouts Full call number Barcode Date last seen Price effective from Koha item type
          Military College of Engineering (MCE) Military College of Engineering (MCE) 04/21/2014   539.7 HAL MCE-1632 04/21/2014 03/14/2021 Book
          Military College of Engineering (MCE) Military College of Engineering (MCE) 04/21/2014   539.7 HAL MCE-2248 04/21/2014 04/21/2014 Book
          Military College of Engineering (MCE) Military College of Engineering (MCE) 04/21/2014   539.7 HAL MCE-40827 04/21/2014 04/21/2014 Book
          Military College of Engineering (MCE) Military College of Engineering (MCE) 04/21/2014   539.7 HAL MCE-41891 04/21/2014 04/21/2014 Book
© 2023 Central Library, National University of Sciences and Technology. All Rights Reserved.